Steady in an unsteady world : (Record no. 12331)
[ view plain ]
| 000 -LEADER | |
|---|---|
| fixed length control field | 00656nam a22002172 4500 |
| 001 - CONTROL NUMBER | |
| control field | 0000012879 |
| 003 - CONTROL NUMBER IDENTIFIER | |
| control field | OSt |
| 005 - DATE AND TIME OF LATEST TRANSACTION | |
| control field | 20140825164450.0 |
| 008 - FIXED-LENGTH DATA ELEMENTS--GENERAL INFORMATION | |
| fixed length control field | 080620s1986 pau b 000 0 eng d |
| 020 ## - INTERNATIONAL STANDARD BOOK NUMBER | |
| International Standard Book Number | 0817010971 (pbk.) |
| 040 ## - CATALOGING SOURCE | |
| Original cataloging agency | PUL |
| Transcribing agency | PUL |
| 050 ## - LIBRARY OF CONGRESS CALL NUMBER | |
| Classification number | BX8333.W416 |
| Item number | S73 1986 |
| 100 1# - MAIN ENTRY--PERSONAL NAME | |
| Personal name | Weatherhead, Leslie Dixon, |
| Dates associated with a name | 1893-. |
| 245 10 - TITLE STATEMENT | |
| Title | Steady in an unsteady world : |
| Remainder of title | sermons / |
| Statement of responsibility, etc | by Leslie Weatherhead ; Stephen A. Odom, editor. |
| 260 ## - PUBLICATION, DISTRIBUTION, ETC. (IMPRINT) | |
| Place of publication, distribution, etc | Valley Forge, PA : |
| Name of publisher, distributor, etc | Judson Press, |
| Date of publication, distribution, etc | c1986. |
| 300 ## - PHYSICAL DESCRIPTION | |
| Extent | 128 p. ; |
| Dimensions | 22 cm. |
| 504 ## - BIBLIOGRAPHY, ETC. NOTE | |
| Bibliography, etc | Bibliography: p. 127-128. |
| 650 #0 - SUBJECT ADDED ENTRY--TOPICAL TERM | |
| Topical term or geographic name as entry element | Methodist Church |
| General subdivision | Sermons. |
| 908 ## - PUT COMMAND PARAMETER (RLIN) | |
| Put command parameter | 080620 |
| 942 ## - ADDED ENTRY ELEMENTS (KOHA) | |
| Source of classification or shelving scheme | Library of Congress Classification |
| Koha item type | General circulation books |
| Withdrawn status | Lost status | Source of classification or shelving scheme | Damaged status | Not for loan | Home library | Current library | Date acquired | Source of acquisition | Total Checkouts | Full call number | Barcode | Date last seen | Price effective from | Koha item type |
|---|---|---|---|---|---|---|---|---|---|---|---|---|---|---|
| Library of Congress Classification | Presbyterian University of East Africa - Main Library | Presbyterian University of East Africa - Main Library | 26/12/2012 | DON | BX8333.W416 S73 1986 | 020020014502 | 26/12/2012 | 26/12/2012 | General circulation books |
